<?xml version="1.0" encoding="UTF-8"?>
<record
    xmlns:xsi="http://www.w3.org/2001/XMLSchema-instance"
    xsi:schemaLocation="http://www.loc.gov/MARC21/slim http://www.loc.gov/standards/marcxml/schema/MARC21slim.xsd"
    xmlns="http://www.loc.gov/MARC21/slim">

  <leader>00715nam a22002297a 4500</leader>
  <controlfield tag="005">20170123162352.0</controlfield>
  <datafield tag="010" ind1=" " ind2=" ">
    <subfield code="a">393349</subfield>
  </datafield>
  <datafield tag="020" ind1=" " ind2=" ">
    <subfield code="c">60.00</subfield>
  </datafield>
  <datafield tag="035" ind1=" " ind2=" ">
    <subfield code="a">393349</subfield>
  </datafield>
  <datafield tag="037" ind1=" " ind2=" ">
    <subfield code="b">Cen Lib / Ret</subfield>
  </datafield>
  <datafield tag="040" ind1=" " ind2=" ">
    <subfield code="a">DPL</subfield>
    <subfield code="b">UR</subfield>
  </datafield>
  <datafield tag="082" ind1=" " ind2=" ">
    <subfield code="a">678</subfield>
    <subfield code="b">&#x6AF; &#x67E; &#x62A; </subfield>
  </datafield>
  <datafield tag="100" ind1=" " ind2=" ">
    <subfield code="a">&#x6AF;&#x67E;&#x62A;&#x627;&#x60C; &#x6A9;&#x627;&#x644;&#x6CC; &#x686;&#x631;&#x646; </subfield>
    <subfield code="9">137469</subfield>
  </datafield>
  <datafield tag="245" ind1=" " ind2=" ">
    <subfield code="a">/ &#x631;&#x628;&#x691; &#x627;&#x646;&#x688; &#x633;&#x679;&#x631;&#x6D2; </subfield>
    <subfield code="c">&#x6A9;&#x627;&#x644;&#x6CC; &#x686;&#x631;&#x646; &#x6AF;&#x67E;&#x62A;&#x627; </subfield>
  </datafield>
  <datafield tag="246" ind1=" " ind2=" ">
    <subfield code="a">Rubber industry /</subfield>
    <subfield code="b">by Kali Charan Gupta</subfield>
  </datafield>
  <datafield tag="260" ind1=" " ind2=" ">
    <subfield code="a">&#x62F;&#x644;&#x6CC; </subfield>
    <subfield code="b">&#x62F;&#x6CC;&#x6C1;&#x627;&#x62A;&#x6CC; &#x67E;&#x648;&#x633;&#x679;&#x6A9; &#x628;&#x6BE;&#x646;&#x691;&#x627;&#x631; </subfield>
    <subfield code="c">1960</subfield>
  </datafield>
  <datafield tag="270" ind1=" " ind2=" ">
    <subfield code="b">&#x62F;&#x644;&#x6CC; </subfield>
    <subfield code="a">&#x686;&#x627; &#x648;&#x631;&#x6CC; &#x628;&#x627;&#x632;&#x627;&#x631; </subfield>
  </datafield>
  <datafield tag="300" ind1=" " ind2=" ">
    <subfield code="a">102p. </subfield>
    <subfield code="c">12cm (Hb)</subfield>
    <subfield code="b">ill.</subfield>
  </datafield>
  <datafield tag="650" ind1=" " ind2=" ">
    <subfield code="a">&#x627;&#x631;&#x62F;&#x648;&#x627;&#x62F;&#x628;</subfield>
    <subfield code="9">137470</subfield>
  </datafield>
  <datafield tag="650" ind1=" " ind2=" ">
    <subfield code="a">Urdu Literature </subfield>
    <subfield code="9">137471</subfield>
  </datafield>
  <datafield tag="942" ind1=" " ind2=" ">
    <subfield code="2">ddc</subfield>
    <subfield code="c">UR</subfield>
    <subfield code="h">678</subfield>
    <subfield code="m">&#x6AF; &#x67E; &#x62A; </subfield>
  </datafield>
  <datafield tag="999" ind1=" " ind2=" ">
    <subfield code="c">109352</subfield>
    <subfield code="d">109352</subfield>
  </datafield>
  <datafield tag="952" ind1=" " ind2=" ">
    <subfield code="0">0</subfield>
    <subfield code="1">0</subfield>
    <subfield code="4">0</subfield>
    <subfield code="7">0</subfield>
    <subfield code="a">L</subfield>
    <subfield code="b">L</subfield>
    <subfield code="d">2016-03-05</subfield>
    <subfield code="e">Cen Lib/Ref</subfield>
    <subfield code="g">60.00</subfield>
    <subfield code="l">0</subfield>
    <subfield code="o">678 &#x6AF; &#x67E; &#x62A;</subfield>
    <subfield code="p">393349</subfield>
    <subfield code="r">2016-03-05 00:00:00</subfield>
    <subfield code="t">60.00</subfield>
    <subfield code="w">2016-03-05</subfield>
    <subfield code="y">UR</subfield>
  </datafield>
</record>
